000
00257nam a2200097Ia 4500
001
798549
005
20250826170829.0
008
250824s9999 xx 000 0 und d
245
0
_a
DİNO AVCISI 2. MÜZEDE KARGAŞA
_c
FRANCO
260
_b
UĞUR BÖCEĞİ YAYINLARI
999
_c
798549
_d
798549